|
|
|
|
| LEADER |
00000nab a2200000 ar4500 |
| 001 |
vtls008936690 |
| 003 |
SK-MaSNL |
| 005 |
20260303070652.0 |
| 008 |
061229c20061229xo |||||||||||000 b|slo |
| 015 |
|
|
|a SNBRB2007/01
|2 snkbucl
|
| 038 |
|
|
|a SNKBUCL
|
| 040 |
|
|
|a SNKBUCL
|b slo
|c SNKBUCL
|e AACR2
|
| 041 |
0 |
|
|a slo
|
| 044 |
|
|
|a xo
|c SK
|
| 080 |
|
|
|a 629.331:061.5
|x (437.6)
|2 2001
|
| 100 |
1 |
|
|a Štulajter, Ivan
|4 aut
|9 336217
|
| 245 |
1 |
0 |
|a Závod PSA: problémom je fluktuácia
|c Ivan Štulajter, Marianna Onuferová
|
| 300 |
|
|
|b Fotogr.
|
| 610 |
2 |
7 |
|a PSA Peugeot Citroën Slovakia (Trnava, Slovensko)
|2 snkbucl
|9 1034206
|
| 650 |
0 |
7 |
|a automobilový priemysel
|2 snkbucl
|9 28623
|
| 651 |
|
7 |
|a Trnava (Slovensko)
|2 snkbucl
|9 19407
|
| 700 |
1 |
|
|a Onuferová, Marianna
|4 aut
|9 838836
|
| 773 |
0 |
|
|t Sme. Práca
|g Roč. 15, č. 298 (29.12.2006), s. 8
|x 1335-440X
|
| 852 |
|
|
|a SNK
|b KIS3GCP
|
| 958 |
|
|
|a SK
|
| 999 |
|
|
|c 1756422
|d 1758352
|